[Event "Schachbundesliga 2011-12"]
[Site "Hamburg GER"]
[Date "2011.12.11"]
[Round "7"]
[White "Naumann,Al"]
[Black "Berndt,S"]
[Result "1-0"]
[WhiteElo "2546"]
[BlackElo "2441"]

1.d4 Nf6 2.c4 e6 3.Nc3 Bb4 4.Nf3 b6 5.Qc2 Bb7 6.a3 Bxc3+ 7.Qxc3 O-O 8.Bg5 h6
9.Bh4 d6 10.Nd2 Nbd7 11.f3 Re8 12.e4 e5 13.d5 a5 14.Bf2 Nh5 15.b3 Qe7 16.g3 c5
17.Bd3 Nf8 18.Kd1 Bc8 19.Kc2 Bd7 20.b4 Reb8 21.bxc5 bxc5 22.Rhb1 Ba4+ 23.Kc1 Qc7
24.Rxb8 Rxb8 25.Rb1 Rxb1+ 26.Nxb1 Be8 27.Be1 a4 28.Bc2 Qe7 29.Qe3 Nf6 30.Qd2 N6h7
31.Qd1 Qg5+ 32.Bd2 Qf6 33.Nc3 Ng5 34.f4 exf4 35.gxf4 Ngh7 36.Qe2 Ng6 37.Qe3 Nhf8
38.Kb1 Qh4 39.Qg3 Qf6 40.Qe3 Qh4 41.e5 Qxh2 42.exd6 Bd7 43.Nxa4 Qh1+ 44.Kb2 Qh4
45.Nxc5 Qf6+ 46.Bc3 Qxd6 47.f5 Ne7 48.Nxd7 Nxd7 49.Bb4 Qf6+ 50.Ka2 Ne5 51.Bc3  1-0

[Event "Sportaccord WMG Blindfold"]
[Site "Beijing CHN"]
[Date "2011.12.16"]
[Round "7"]
[White "Nielsen,PH"]
[Black "Vallejo Pons,F"]
[Result "1/2-1/2"]
[WhiteElo "2693"]
[BlackElo "2705"]

1.d4 Nf6 2.c4 e6 3.Nc3 Bb4 4.Nf3 b6 5.Qc2 Bb7 6.a3 Bxc3+ 7.Qxc3 O-O 8.Bg5 h6
9.Bh4 d6 10.Nd2 c5 11.dxc5 bxc5 12.e3 Nbd7 13.Be2 Re8 14.O-O Nd5 15.Qb3 Qxh4
16.Qxb7 N5b6 17.Nf3 Qf6 18.Rab1 Ne5 19.Nxe5 Qxe5 20.Rfd1 d5 21.cxd5 exd5
22.Bf3 Re7 23.Qc6 Rc8 24.Qb5 Qd6 25.Rbc1 c4 26.Rd4 Qc5 27.Qxc5 Rxc5 28.b4 Rb5
29.e4 dxe4 30.Bxe4 Rbe5 31.Rd8+ Re8 32.Rxe8+ Rxe8 33.f3 Rd8 34.a4 Nxa4 35.Rxc4 Nb6
36.Rc7 Rd7 37.Rc5 Rd4 38.Rc7 Rxb4 39.Rxa7 Rd4 40.Rb7 Nd7 41.Bf5 Nf8 42.Bc2 Rd7
43.Rxd7 Nxd7 44.Kf2 Kf8 45.g4 Ke7 46.h4 g5 47.hxg5 hxg5 48.Bb3 f6 49.f4 gxf4
50.Kf3 Ne5+ 51.Kxf4 Nxg4 52.Kxg4 f5+ 53.Kxf5 Kd6 54.Be6  1/2-1/2

[Event "European Blitz 2011"]
[Site "Warsaw POL"]
[Date "2011.12.16"]
[Round "2"]
[White "Bacrot,E"]
[Black "Briestensky,R"]
[Result "1-0"]
[WhiteElo "2714"]
[BlackElo "2293"]

1.d4 Nf6 2.c4 e6 3.Nf3 Bb4+ 4.Nc3 Qe7 5.Qc2 d6 6.Bg5 O-O 7.e3 e5 8.Be2 Re8
9.O-O Bxc3 10.bxc3 c5 11.Nd2 exd4 12.cxd4 cxd4 13.Bd3 dxe3 14.Bxh7+ Kh8 15.fxe3 Nbd7
16.Bf5 Qe5 17.Nf3 Qc5 18.Kh1 Ng8 19.Bf4 Nf8 20.Bd3 f6 21.Nd4 g5 22.Bg3 Bd7
23.Rae1 Rac8 24.Qd1 g4 25.Bf5 Nh6 26.Bxd7 Nxd7 27.Bf4 Qh5 28.Bxh6 Qxh6 29.Nf5 Qg5
30.Nxd6 Ne5 31.Rf5 Qg7 32.Nxc8 Rxc8 33.Ref1 Rc6 34.Rh5+ Kg8 35.Qd8+ Kf7 36.Rxe5 Kg6
37.Qe8+  1-0

[Event "78th ch-BRA"]
[Site "Campinas BRA"]
[Date "2011.12.17"]
[Round "8"]
[White "Vescovi,G"]
[Black "Di Berardino,D"]
[Result "1/2-1/2"]
[WhiteElo "2637"]
[BlackElo "2491"]

1.d4 Nf6 2.c4 e6 3.Nc3 Bb4 4.Nf3 b6 5.Bg5 Bb7 6.Rc1 h6 7.Bxf6 Qxf6 8.a3 Bxc3+
9.Rxc3 O-O 10.g4 c5 11.dxc5 bxc5 12.h4 Bxf3 13.exf3 Nc6 14.Qd2 Nd4 15.Be2 Rab8
16.g5 Qe5 17.Re3 Qf5 18.Rd3 h5 19.b4 e5 20.Kf1 Rfe8 21.b5 e4 22.Rxd4 cxd4
23.fxe4 Qxe4 24.Rh3 g6 25.Qd3 Qf4 26.Bf3 Kg7 27.Bd5 Re7 28.Qf3 Qe5 29.a4 Rf8
30.Qg3 Qe1+ 31.Kg2 f6 32.Qf4 fxg5 33.Qxd4+ Kh7 34.Rf3 Rxf3 35.Bxf3 gxh4 36.Qxh4 Re5
37.a5 Qxa5 38.Qf6 Qe1 39.Bd5 Rf5 40.Qd4 Rg5+ 41.Kf3 Rf5+ 42.Kg2 Qe5 43.Qxa7 Qe7
44.Qd4 Qg5+ 45.Kf1 Qc1+ 46.Ke2 Qc2+ 47.Kf1 Qc1+ 48.Ke2 Qc2+ 49.Kf1 d6 50.Be4 Qc1+
51.Ke2 Re5 52.b6 Qc2+ 53.Kf3 Qb3+ 54.Kf4 Qh3 55.b7 Kh6 56.f3 Qh2+ 57.Ke3 Qg1+
58.Kd3 Qd1+ 59.Kc3 Qa1+ 60.Kd3 Qd1+ 61.Kc3 Qa1+ 62.Kd3  1/2-1/2

[Event "European Rapid 2011"]
[Site "Warsaw POL"]
[Date "2011.12.17"]
[Round "1"]
[White "Snezko,Marius"]
[Black "Bartel,Mat"]
[Result "0-1"]
[WhiteElo "1819"]
[BlackElo "2653"]

1.d4 Nf6 2.c4 e6 3.Nc3 Bb4 4.Nf3 d5 5.e3 O-O 6.Bd3 dxc4 7.Bxc4 b6 8.O-O Bb7
9.Qe2 Nbd7 10.Rd1 Qe7 11.Bd2 a6 12.Rac1 e5 13.dxe5 Nxe5 14.Nxe5 Qxe5 15.a3 Bd6
16.f4 Qe7 17.Be1 b5 18.Bb3 Rfe8 19.Bf2 c5 20.Qf1 c4 21.Bc2 Bc5 22.Re1 Ng4  0-1

[Event "European Rapid 2011"]
[Site "Warsaw POL"]
[Date "2011.12.17"]
[Round "5"]
[White "Nedilko,V"]
[Black "Zontakh,A"]
[Result "0-1"]
[WhiteElo "2392"]
[BlackElo "2566"]

1.d4 Nf6 2.c4 e6 3.Nc3 Bb4 4.Nf3 b6 5.Bg5 Bb7 6.Nd2 h6 7.Bh4 Be7 8.Bg3 O-O
9.e4 d6 10.Be2 Nc6 11.Nb3 a5 12.d5 Nb4 13.Nd4 e5 14.Nf5 Bc8 15.Ne3 Na6 16.O-O Nc5
17.Qc2 Bd7 18.f4 exf4 19.Bxf4 Nh7 20.e5 Bg5 21.exd6 cxd6 22.Bd3 Nxd3 23.Qxd3 Re8
24.Nf5 Bxf5 25.Qxf5 Qc8 26.Bxd6 Qxc4 27.Qxf7+ Kh8 28.Qg6 Bf6 29.Rae1 Red8
30.Be7 Bxe7  0-1

[Event "European Rapid 2011"]
[Site "Warsaw POL"]
[Date "2011.12.17"]
[Round "7"]
[White "Nedilko,V"]
[Black "Gajewski,G"]
[Result "0-1"]
[WhiteElo "2392"]
[BlackElo "2616"]

1.d4 Nf6 2.c4 e6 3.Nc3 Bb4 4.Nf3 d5 5.Qa4+ Nc6 6.e3 O-O 7.Bd2 dxc4 8.Bxc4 Bd6
9.Rd1 a6 10.Qc2 b5 11.Be2 Bb7 12.O-O e5 13.a3 Re8 14.d5 Ne7 15.e4 Rc8 16.Bg5 Ng6
17.Rfe1 h6 18.Bc1 Qe7 19.h3 c6 20.dxc6 Bxc6 21.Qb1 Bc5 22.Bf1 Qb7 23.b4 Bb6
24.Bb2 Red8 25.Rxd8+ Rxd8 26.Rd1 Nxe4 27.Rxd8+ Bxd8 28.Nxe4 Bxe4 29.Bd3 Bxd3
30.Qxd3 Bf6 31.Qf5 Qd5 32.h4 Qd1+ 33.Kh2 Qe2 34.Qc8+ Kh7 35.Qf5 Qxb2 36.h5 Qxa3
37.hxg6+ fxg6 38.Qe4 Qb2 39.Kg1 Qc1+ 40.Kh2 Qf4+  0-1

[Event "Open Mundial de Leon Equipos"]
[Site "Leon ESP"]
[Date "2011.12.18"]
[Round "6"]
[White "Ljubojevic,L"]
[Black "Juez Villar,E"]
[Result "1-0"]
[WhiteElo "2571"]
[BlackElo "1924"]

1.d4 Nf6 2.c4 e6 3.Nc3 Bb4 4.Nf3 b6 5.Qc2 Bb7 6.a3 Bxc3+ 7.Qxc3 Ne4 8.Qc2 O-O
9.e3 d6 10.b4 a5 11.Bd3 f5 12.Bb2 Nd7 13.O-O Qe7 14.d5 exd5 15.cxd5 Ndf6
16.Nd4 Bxd5 17.f3 Ng5 18.Nxf5 Qf7 19.Rac1 axb4 20.axb4 c5 21.Nxd6 Qe6 22.Nf5 cxb4
23.e4 Bb3 24.Qd2 Nf7 25.Qxb4 Ra7 26.Bb5 Ba2 27.Rc6 Qb3  1-0

[Event "European Rapid 2011"]
[Site "Warsaw POL"]
[Date "2011.12.18"]
[Round "9"]
[White "Potkin,V"]
[Black "Kravtsiv,M"]
[Result "1/2-1/2"]
[WhiteElo "2684"]
[BlackElo "2601"]

1.c4 Nf6 2.Nc3 e6 3.Nf3 Bb4 4.d4 O-O 5.e3 d5 6.Bd3 Bxc3+ 7.bxc3 c5 8.a3 Qc7
9.Bb2 Nc6 10.O-O Rb8 11.Re1  1/2-1/2

[Event "FIDE Women's World Teams"]
[Site "Mardin TUR"]
[Date "2011.12.21"]
[Round "4"]
[White "Zhukova,N"]
[Black "Pavlidou,E"]
[Result "1-0"]
[WhiteElo "2427"]
[BlackElo "2176"]

1.d4 Nf6 2.c4 e6 3.Nc3 Bb4 4.Nf3 b6 5.e3 Bb7 6.Bd3 O-O 7.O-O d5 8.cxd5 exd5
9.a3 Be7 10.b4 a6 11.Qb3 Nbd7 12.a4 Bd6 13.b5 a5 14.Ba3 Qe7 15.Rfc1 Rac8
16.Rc2 h6 17.Bxd6 Qxd6 18.Bf5 g6 19.Bh3 Rcd8 20.Rac1 Nb8 21.Ne2 Ne8 22.Ne5 f5
23.Qd3 Rf6 24.Nf4 g5 25.Nh5 g4 26.Nxf6+ Qxf6 27.Bxg4 fxg4 28.Rxc7 Nxc7 29.Rxc7 Nd7
30.Nxd7 Qf7 31.Rxb7 Rxd7 32.Rxd7 Qxd7 33.Qg6+ Kh8 34.Qxh6+ Kg8 35.Qg6+ Kh8
36.Qxb6 Qf5 37.Qb8+ Kh7 38.Qc7+ Kg8 39.h4 gxh3 40.Qg3+  1-0

[Event "North American Open"]
[Site "Las Vegas USA"]
[Date "2011.12.26"]
[Round "1"]
[White "Arnold,Mar"]
[Black "Kelley,D"]
[Result "1/2-1/2"]
[WhiteElo "2504"]
[BlackElo "2231"]

1.d4 Nf6 2.c4 e6 3.Nc3 Bb4 4.Nf3 c5 5.g3 cxd4 6.Nxd4 Ne4 7.Qc2 Qa5 8.Nb5 a6
9.Qxe4 axb5 10.Bd2 bxc4 11.Qxc4 Nc6 12.a3 d5 13.Qa2 Qb6 14.Bg2 d4 15.Nb1 Be7
16.O-O O-O 17.e3 e5 18.Bd5 Bh3 19.Rc1 Bc5 20.Qb3 dxe3 21.Bxe3 Qxb3 22.Bxb3 Bxe3
23.fxe3 Rad8 24.Nc3 Rd2 25.Rc2 Rfd8 26.Rac1 Bf5 27.e4 Rxc2 28.Rxc2 Nd4 29.Bxf7+ Kxf7
30.Rf2 g6 31.g4 Ke6 32.gxf5+ gxf5 33.exf5+ Nxf5 34.Ne4 b6 35.Ng5+ Kf6 36.Nf3 Ke6
37.Ng5+ Kf6 38.Nf3 Ke6 39.Re2 Rd5 40.Ng5+ Kf6 41.Ne4+ Ke6  1/2-1/2

[Event "XXII Cajacanarias Christmas"]
[Site "Santa Cruz de Tenerife ESP"]
[Date "2011.12.27"]
[Round "7"]
[White "Kraus,Ol"]
[Black "Martin Hernandez,J"]
[Result "1-0"]
[WhiteElo "2051"]
[BlackElo "1926"]

1.d4 Nf6 2.c4 e6 3.Nc3 Bb4 4.Nf3 Bxc3+ 5.bxc3 h6 6.g3 b6 7.Bg2 Bb7 8.O-O d6
9.d5 e5 10.Nh4 O-O 11.e4 Nbd7 12.Nf5 Re8 13.Bxh6 gxh6 14.Qd2 Nh7 15.Nxh6+ Kg7
16.Nf5+ Kh8 17.f4 Rg8 18.Rae1 f6 19.Kh1 Qe8 20.Qe2 Ndf8 21.Bf3 Ng6 22.Bh5 Qf8
23.Bxg6 Rxg6 24.Qh5 Qf7 25.Nh6 Qg7 26.Nf5 Qf7 27.Nh6 Qe8 28.Rf2 Ba6 29.Ng4 Bc8
30.Nh6 Bd7 31.Ref1 Rg7 32.Qh4 Qg6 33.fxe5 fxe5 34.Nf7+ Kg8 35.Nh6+ Kh8 36.Nf7+ Kg8
37.Nh6+ Kh8 38.Rf6 Qg5 39.Rf8+ Rxf8 40.Rxf8+ Rg8 41.Rxg8+  1-0

[Event "48th Groningen Open A"]
[Site "Groningen NED"]
[Date "2011.12.28"]
[Round "7.17"]
[White "Tarasova,Viktoriy"]
[Black "Lyell,M"]
[Result "1-0"]
[WhiteElo "2294"]
[BlackElo "2189"]

1.d4 Nf6 2.c4 e6 3.Nc3 Bb4 4.Nf3 b6 5.Bg5 Bb7 6.Nd2 h6 7.Bh4 c5 8.d5 exd5
9.cxd5 Bxc3 10.bxc3 Bxd5 11.e4 g5 12.Bg3 Nxe4 13.Nxe4 Bxe4 14.Bd6 Qf6 15.Qd2 Kd8
16.O-O-O Kc8 17.Re1 Bg6 18.g4 Nc6 19.Ba6+ Kd8 20.Bb7 Rc8 21.Bxc6 Rxc6 22.Be5 Qf3
23.Bxh8 Qxg4 24.Qd5 Qf4+ 25.Qd2 Qf5 26.Kb2 Rd6 27.Qxd6  1-0

[Event "North American Open"]
[Site "Las Vegas USA"]
[Date "2011.12.28"]
[Round "4"]
[White "Chua,Al"]
[Black "Arnold,Mar"]
[Result "0-1"]
[WhiteElo "2277"]
[BlackElo "2504"]

1.d4 Nf6 2.c4 e6 3.Nc3 Bb4 4.Nf3 b6 5.e3 Bb7 6.Bd3 O-O 7.O-O c5 8.Na4 cxd4
9.a3 Be7 10.exd4 d6 11.Re1 Nbd7 12.Nc3 d5 13.cxd5 Nxd5 14.Bc2 Rc8 15.Qd3 g6
16.Bh6 Re8 17.Ne4 N5f6 18.Nxf6+ Bxf6 19.Bb3 Nc5 20.Qe3 Nxb3 21.Qxb3 Bd5 22.Qd3 Bxf3
23.Qxf3 Bxd4 24.Rad1 Qf6 25.Qxf6 Bxf6 26.Rd7 Re7 27.Red1 Rxd7 28.Rxd7 Bxb2
29.Rxa7 Bg7 30.Be3 Bd4 31.a4 b5 32.Ra5 bxa4 33.Rxa4 Bxe3 34.fxe3 Rc2 35.Kf1 Kg7
36.Ra7 g5 37.h4 gxh4 38.Ra4 Rc1+ 39.Kf2 Rh1 40.Rg4+ Kf8 41.Re4 h6 42.Re5 h3
43.gxh3 Rxh3 44.Kg2 Rh4 45.Kg3 Ra4 46.Rb5 Kg7 47.Rc5 Kg6 48.Rb5 h5 49.Rc5 Rg4+
50.Kf3 Rg5 51.Rc4 Kf6 52.Rc8 Rg6 53.Rc4 Rh6 54.Rh4 Kg5 55.Kg3 f5 56.e4 f4+
57.Rxf4 h4+ 58.Kf3 Rf6 59.Rxf6 Kxf6 60.Kg4 Ke5 61.Kxh4 Kxe4 62.Kg3 Ke3  0-1

[Event "XXII Cajacanarias Christmas"]
[Site "Santa Cruz de Tenerife ESP"]
[Date "2011.12.28"]
[Round "8"]
[White "Rodriguez Perez,M"]
[Black "Cabrera Gomez,Tomas"]
[Result "0-1"]
[WhiteElo "2001"]
[BlackElo "1679"]

1.d4 Nf6 2.c4 e6 3.Nc3 Bb4 4.Nf3 c5 5.g3 d5 6.cxd5 Nxd5 7.Bd2 O-O 8.Bg2 cxd4
9.Nxd4 Nxc3 10.bxc3 Be7 11.O-O Bf6 12.Rb1 Qc7 13.Nb5 Qd7 14.Qc2 a6 15.Na3 Qc7
16.Rfc1 Nd7 17.Be3 Rb8 18.Ba7 Ra8 19.Bd4 e5 20.Be3 Rb8 21.c4 Nc5 22.Qb2 b6
23.Nc2 Bf5 24.Bxc5 bxc5 25.Qc3 e4 26.Qe3 Rxb1 27.Rxb1 Re8 28.Rd1 Kf8 29.Rd5 Re5
30.Qa3 Rxd5 31.cxd5 Qd6 32.Ne3 Bg6 33.Qa4 Bd4 34.Nc4 Qxd5 35.Qxa6 Bf5 36.Qb6 Ke7
37.Qa7+ Qd7 38.Qa8 Qe6 39.Qb7+ Kf6 40.Nb6 Qxa2 41.Nd5+ Kg5 42.Nf4 Qa1+ 43.Bf1 e3
44.Qxf7 exf2+  0-1

[Event "10th Nantes Open"]
[Site "Nantes FRA"]
[Date "2011.12.29"]
[Round "5.12"]
[White "Le Gouic,Brendan"]
[Black "Crouan,S"]
[Result "0-1"]
[WhiteElo "1559"]
[BlackElo "2232"]

1.d4 Nf6 2.c4 e6 3.Nc3 Bb4 4.Nf3 b6 5.Qc2 Bb7 6.Nd2 c5 7.e3 Nc6 8.Nb5 cxd4
9.Nxd4 O-O 10.Be2 Nxd4 11.exd4 Bxg2 12.Rg1 Bb7 13.Qb3 Bd6 14.Nf3 Kh8 15.c5 Bd5
16.Qe3 bxc5 17.dxc5 Qa5+ 18.Bd2 Qxc5 19.Qg5 Ne8 20.Rc1 Qb6 21.a3 Qd8 22.Qh5 Be4
23.Bc3 Bg6 24.Qh6 Nf6 25.Rxg6 fxg6 26.Qh3 Ne4 27.Bd3 Ng5 28.Nxg5 Qxg5 29.Rd1 Bc5  0-1

[Event "48th Groningen Open A"]
[Site "Groningen NED"]
[Date "2011.12.30"]
[Round "9.12"]
[White "Tarasova,Viktoriy"]
[Black "Thesing,M"]
[Result "0-1"]
[WhiteElo "2294"]
[BlackElo "2409"]

1.d4 Nf6 2.c4 e6 3.Nc3 Bb4 4.Nf3 c5 5.g3 Bxc3+ 6.bxc3 Qa5 7.Bd2 b6 8.Bg2 Bb7
9.O-O O-O 10.Qb3 h6 11.Rfd1 Qa6 12.Bf4 Rc8 13.Rac1 Nc6 14.Ne5 Na5 15.Qb5 Qxb5
16.cxb5 Bxg2 17.Kxg2 g5 18.Bd2 d6 19.Nd3 Nc4 20.h4 Ne4 21.Be1 a6 22.dxc5 bxc5
23.bxa6 Rxa6 24.Rc2 Rca8 25.Ra1 f5 26.Kh2 Kf7 27.f3 Nf6 28.Bd2 Kg6 29.Nf2 Ra4
30.hxg5 hxg5 31.Bc1 e5 32.Nd1 f4 33.Nf2 R4a7 34.Kg2 Rh8 35.Bd2 Rah7 36.Rh1 Rxh1
37.Nxh1 Nd5 38.Kg1 Rb8 39.gxf4 Rb1+ 40.Kh2 Nde3  0-1

[Event "Hastings Masters 2011-12"]
[Site "Hastings ENG"]
[Date "2012.01.01"]
[Round "5.27"]
[White "Furman,Bo"]
[Black "Martinsen,S"]
[Result "1-0"]
[WhiteElo "2280"]
[BlackElo "2145"]

1.d4 Nf6 2.c4 e6 3.Nc3 Bb4 4.Nf3 c5 5.g3 Nc6 6.d5 Na5 7.Nd2 b6 8.Bg2 Bxc3
9.bxc3 Rb8 10.e4 d6 11.O-O O-O 12.Re1 Ba6 13.Bf1 Nd7 14.f4 Qf6 15.Qf3 Rfe8
16.Rb1 Qe7 17.Bb2 Qf8 18.h4 Rbd8 19.g4 g6 20.Bd3 e5 21.f5 Qh6 22.Re2 Qxh4
23.Rf1 Qf6 24.Rh2 g5 25.Kg2 Kg7 26.Rfh1 Rh8 27.Rh5 h6 28.Bc1 Rh7 29.Qh3 Rdh8
30.Nf3 Nf8 31.Nxg5 hxg5 32.Bxg5 Qxg5 33.Rxg5+ Kf6 34.Rh5 Rxh5 35.gxh5 Rg8+  1-0

[Event "Cracovia Open A"]
[Site "Krakow POL"]
[Date "2012.01.04"]
[Round "9.7"]
[White "Jedynak,R"]
[Black "Nyysti,S"]
[Result "1-0"]
[WhiteElo "2494"]
[BlackElo "2345"]

1.d4 Nf6 2.c4 e6 3.Nc3 Bb4 4.Nf3 b6 5.Qc2 Bb7 6.a3 Bxc3+ 7.Qxc3 Ne4 8.Qc2 O-O
9.g3 f5 10.Bg2 Nf6 11.O-O Be4 12.Qc3 Qe7 13.b4 d6 14.Bb2 Nbd7 15.a4 a5 16.b5 Rac8
17.Ba3 c5 18.bxc6 Bxc6 19.Qb3 Bb7 20.c5 dxc5 21.dxc5 Bxf3 22.cxb6 Nc5 23.Bxf3 Nxb3
24.Bxe7 Nxa1 25.Bxf8 Kxf8 26.Rxa1 Nd5 27.Bxd5 exd5 28.Rd1  1-0

[Event "Northern California International"]
[Site "Fremont USA"]
[Date "2012.01.06"]
[Round "7"]
[White "Molner,M"]
[Black "Rensch,D"]
[Result "1/2-1/2"]
[WhiteElo "2449"]
[BlackElo "2401"]

1.d4 Nf6 2.c4 e6 3.Nc3 Bb4 4.Nf3 b6 5.e3 Ne4 6.Qc2 Bb7 7.Bd3 f5 8.O-O Bxc3
9.bxc3 O-O 10.c5 bxc5 11.Rb1 Nd6 12.dxc5 Bxf3 13.gxf3 Nf7 14.f4 Nc6 15.Kh1 Qe7
16.c4 Nh6 17.Rg1 Rab8 18.Rxb8 Rxb8 19.Qc3 Ng4 20.Rg2 Kf8 21.f3 Nf6 22.Bb2 Nb4
23.Bb1 Na6 24.Qa5 Nxc5 25.Qxc7 Rb6 26.Qxa7 Qd6 27.Qa8+ Rb8 28.Rd2 Qxd2 29.Qxb8+ Kf7
30.Bd4 Qd1+ 31.Kg2 Qe2+ 32.Kg1 Qxf3 33.Qb2 Nce4 34.Bxe4 Qd1+ 35.Kg2 Nxe4
36.h3 Nd2 37.Bxg7 Qe2+ 38.Kh1 e5 39.fxe5 Qf1+ 40.Kh2 Qe2+ 41.Kh1 Qd1+ 42.Kg2 Kxg7
43.e6+ Kg6 44.exd7 Qe2+ 45.Kh1 Qe1+ 46.Kg2 Qf1+ 47.Kh2 Nf3+ 48.Kg3 Ng5 49.Qf6+ Kxf6
50.d8=Q+ Kg6 51.Qg8+  1/2-1/2

[Event "Northern California International"]
[Site "Fremont USA"]
[Date "2012.01.06"]
[Round "7"]
[White "Shankland,S"]
[Black "Meier,Geo"]
[Result "1-0"]
[WhiteElo "2565"]
[BlackElo "2671"]

1.d4 Nf6 2.c4 e6 3.Nc3 Bb4 4.Nf3 c5 5.g3 cxd4 6.Nxd4 Ne4 7.Bd2 Bxc3 8.Bxc3 Nxc3
9.bxc3 a6 10.Bg2 Qc7 11.Qa4 Nc6 12.c5 O-O 13.O-O Ne7 14.Qa3 Rd8 15.Nb5 axb5
16.Qxa8 Qxc5 17.Bxb7 Nf5 18.Qa5 Rf8 19.Bf3 d5 20.e4 dxe4 21.Bxe4 Nd6 22.Bg2 e5
23.Qb4 Qxb4 24.cxb4 Be6 25.a4 bxa4 26.Rxa4 e4 27.Ra6 Nb5 28.Bxe4 Nc3 29.Re1  1-0

[Event "TCh-CZE Extraliga 2011-12"]
[Site "Czech Republic CZE"]
[Date "2012.01.08"]
[Round "6.3"]
[White "Murdzia,P"]
[Black "Krejci,Jan2"]
[Result "1/2-1/2"]
[WhiteElo "2472"]
[BlackElo "2489"]

1.d4 Nf6 2.c4 e6 3.Nf3 Bb4+ 4.Nc3 b6 5.Bg5 h6 6.Bh4 g5 7.Bg3 Ne4 8.Qc2 Bb7
9.e3 d6 10.Nd2 Bxc3 11.bxc3 Nxg3 12.hxg3 Nd7 13.Rh2 Nf6 14.Be2 g4 15.Bd3 a5
16.Ne4 Nd7 17.Nd2 Nf6 18.Ne4 Nd7 19.Nd2 Qg5 20.Be4 c6 21.Rb1 Kd8 22.Bd3 Kc7
23.Ke2 h5 24.a4 f5 25.c5 dxc5 26.Qb3 Qe7 27.Nc4 Ba6 28.Ne5 Bxd3+ 29.Nxd3 Rab8
30.Nf4 Rh6 31.Rbh1 Rbh8 32.Rb1 cxd4 33.cxd4 e5 34.dxe5 Qxe5 35.Rhh1 Rd6 36.Rhd1 Rhh6
37.Rxd6 Rxd6 38.Nxh5 Qd5 39.Qxd5 Rxd5 40.Nf4 Re5 41.f3 Nc5 42.Nd3 Nxd3 43.Kxd3 Rd5+
44.Kc3 b5 45.Rh1 b4+ 46.Kc4 Kb6 47.e4 fxe4 48.fxe4 Rd2 49.Re1 c5 50.e5 Rd4+
51.Kb3 c4+ 52.Kc2 Rd7 53.e6 Re7 54.Re5 Kc6 55.Kd2 Kd6 56.Rxa5 Rb7 57.Ra6+ Kc5
58.a5 c3+ 59.Kd3 Re7 60.Rb6 Re8 61.Kc2 Kc4 62.Rc6+ Kb5 63.Rd6 Kxa5 64.Kb3 Rc8
65.Rd5+ Kb6 66.Rd4 c2 67.Rxb4+ Ka5 68.Ra4+ Kb5 69.Rb4+  1/2-1/2

[Event "10th Parsvnath Open"]
[Site "New Delhi IND"]
[Date "2012.01.18"]
[Round "6"]
[White "Kuderinov,K"]
[Black "Shailendra,B"]
[Result "1-0"]
[WhiteElo "2497"]
[BlackElo "2253"]

1.d4 Nf6 2.c4 e6 3.Nc3 Bb4 4.Nf3 b6 5.g3 Bb7 6.Bg2 c5 7.O-O cxd4 8.Nb5 O-O
9.Bf4 a6 10.Nd6 Bxf3 11.Bxf3 Nc6 12.a3 Bxd6 13.Bxd6 Re8 14.b4 e5 15.b5 Na5
16.Bxa8 Qxa8 17.Qa4 Ne4 18.Bb4 Nxc4 19.bxa6 Qd5 20.a7 Ra8 21.Qa6 Qc6 22.a4 Nc3
23.Bxc3 dxc3 24.Rfc1 Na5 25.Rab1 Qc7 26.Rxb6  1-0

[Event "74th Tata Steel GMC"]
[Site "Wijk aan Zee NED"]
[Date "2012.01.21"]
[Round "7"]
[White "Goudriaan,E"]
[Black "Sachdev,T"]
[Result "1/2-1/2"]
[WhiteElo "2279"]
[BlackElo "2411"]

1.d4 Nf6 2.c4 e6 3.Nc3 Bb4 4.Nf3 b6 5.e3 Bb7 6.Bd3 Bxc3+ 7.bxc3 d6 8.O-O Nbd7
9.Nd2 Qe7 10.e4 e5 11.Re1 O-O-O 12.Rb1 h5 13.Qa4 Kb8 14.Nb3 c5 15.d5 h4 16.h3 Nh5
17.Bf1 Nf4 18.Be3 g5 19.Rb2 g4 20.hxg4 h3 21.g3 Ng2 22.Bxg2 hxg2 23.Kxg2 Rdg8
24.f3 f5 25.exf5 Qh7 26.Bg1 Qh1+ 27.Kf2 Nf6 28.Nd2 e4 29.Nxe4 Nxe4+ 30.Rxe4 Rh2+
31.Bxh2 Qxh2+ 32.Ke3 Qxb2 33.Re8+ Rxe8+ 34.Qxe8+ Bc8 35.Qh8 Qc1+ 36.Ke2 Qc2+
37.Ke3 Qc1+ 38.Ke2 Qc2+ 39.Ke3 Qd1 40.Qd8 Qe1+ 41.Kd3 Qd1+ 42.Ke3  1/2-1/2

[Event "Gibraltar Open"]
[Site "Caleta ENG"]
[Date "2012.01.26"]
[Round "3.42"]
[White "El Debs,F"]
[Black "Zygouris,H"]
[Result "1-0"]
[WhiteElo "2497"]
[BlackElo "2205"]

1.d4 Nf6 2.c4 e6 3.Nc3 Bb4 4.Nf3 c5 5.g3 cxd4 6.Nxd4 d5 7.Qa4+ Nc6 8.Nxc6 Bxc3+
9.bxc3 Qd7 10.cxd5 exd5 11.Ba3 bxc6 12.Bg2 c5 13.Qxd7+ Kxd7 14.Bxc5 Ba6 15.Bf3 Bc4
16.O-O Rhb8 17.Rfd1 Rb5 18.Bd4 Ke6 19.a4 Rb3 20.Rdb1 a5 21.Rxb3 Bxb3 22.g4 Ne4
23.Bxg7 f6 24.h4 Rg8 25.Bh6 f5 26.Rb1 Bxa4 27.Rb6+ Kd7 28.g5 Bc6 29.Ra6 a4
30.Ra7+ Ke6 31.Bg7 Nd6 32.Bf6 Nc4 33.Bh5 Ra8 34.Bf7+ Kd6 35.Be7+ Ke5 36.Rxa8 Bxa8
37.h5 a3 38.Bxa3 Nxa3 39.h6  1-0

[Event "Gibraltar Open"]
[Site "Caleta ENG"]
[Date "2012.01.27"]
[Round "4.54"]
[White "Valhondo Morales,R"]
[Black "Aranha Filho,A"]
[Result "1/2-1/2"]
[WhiteElo "2046"]
[BlackElo "2307"]

1.d4 Nf6 2.c4 e6 3.Nc3 Bb4 4.Nf3 c5 5.g3 Ne4 6.Qd3 Qa5 7.Qxe4 Bxc3+ 8.Bd2 Bxd2+
9.Nxd2 cxd4 10.Qxd4 O-O 11.Bg2 Nc6 12.Qd6 Qb6 13.Rb1 Rd8 14.e3 a5 15.O-O Ra6
16.Rfd1 Nb4 17.Qxb6 Rxb6 18.a3 Na6 19.Ne4 a4 20.c5 Rc6 21.Nd6 Rc7 22.Rbc1 Kf8
23.g4 Rxc5 24.Nxb7 Bxb7 25.Bxb7 Ra5 26.Bxa6 Rxa6 27.Rc7 Ke8 28.Rd4 Rb6 29.Rxa4 Rxb2
30.Raa7 Rd2 31.Kg2 Rb8 32.Rab7 Ra8 33.Ra7 Rb8 34.Rab7 Ra8 35.Ra7 Rb8  1/2-1/2

[Event "ch-TUR 2012"]
[Site "Kemer TUR"]
[Date "2012.01.29"]
[Round "1"]
[White "Akyildiz,Alptug"]
[Black "Yelken,Mustafa"]
[Result "0-1"]
[WhiteElo "1567"]
[BlackElo "2098"]

1.Nf3 Nf6 2.d4 e6 3.c4 Bb4+ 4.Nc3 d5 5.e3 O-O 6.Bd3 c5 7.a3 Bxc3+ 8.bxc3 Nc6
9.O-O Qc7 10.Qc2 b6 11.Nd2 Bb7 12.Bb2 Rac8 13.cxd5 exd5 14.Bf5 Rcd8 15.Rac1 g6
16.Bd3 c4 17.Be2 Rfe8 18.Rfe1 Na5 19.Bd1 Re6 20.Nf3 Ne4 21.Ne5 f6 22.Bg4 Re7
23.Nf3 Nb3 24.Rcd1 Bc8 25.Bxc8 Qxc8 26.Bc1 Qf5 27.Re2 Rde8 28.Nd2 Nbxd2 29.Bxd2 Ng3
30.Qxf5 Nxe2+ 31.Kf1 gxf5 32.Kxe2 Kf7 33.Rb1 Ke6 34.a4 Kd7 35.Kf3 Rg7 36.g3 Ke6
37.Bc1 Rgg8 38.Ba3 Rb8 39.Kf4 a6 40.Rb2 Rg7 41.Rb1 h5 42.h4 Rg4+ 43.Kf3 Rgg8
44.Kf4 Rg4+ 45.Kf3 f4 46.exf4 Rg7 47.Re1+ Kd7 48.Rb1 Rgg8 49.Rb2 Rge8 50.Rb1 f5
51.Bc1 Re1 52.Ra1 Rbe8 53.Bb2 Rxa1 54.Bxa1 Re1 55.Bb2 Rb1 56.Ba3 Rb3  0-1

[Event "ch-TUR 2012"]
[Site "Kemer TUR"]
[Date "2012.01.29"]
[Round "8"]
[White "Binar,M"]
[Black "Kabakli,Siar"]
[Result "0-1"]
[WhiteElo "1904"]
[BlackElo "1542"]

1.d4 Nf6 2.c4 e6 3.Nc3 Bb4 4.Nf3 b6 5.a3 Bxc3+ 6.bxc3 Bb7 7.Bg5 h6 8.Bf4 d6
9.h3 Nbd7 10.e3 Qe7 11.Be2 a5 12.O-O Ne4 13.Qc2 f5 14.Bh2 Ndf6 15.Ne1 O-O
16.Nd3 Rae8 17.f3 Ng5 18.Rab1 Ba6 19.c5 Bxd3 20.Bxd3 dxc5 21.e4 Nh5 22.exf5 exf5
23.Bxf5 Qe3+ 24.Kh1 Nf4 25.Bg1 Qe7 26.Bf2 Qf6 27.Bd3 Nxg2 28.Bg1 Nf4 29.Bc4+ Kh8
30.h4 Nge6 31.Qh2 cxd4 32.cxd4 Nxd4 33.Rb2 b5 34.Ba2 Nfe2 35.Qf2 Nxg1 36.Kxg1  0-1

[Event "ch-Belgrade 2012"]
[Site "Belgrade SRB"]
[Date "2012.01.30"]
[Round "9.12"]
[White "Dunjic,D"]
[Black "Savicevic,V"]
[Result "1/2-1/2"]
[WhiteElo "2122"]
[BlackElo "2321"]

1.d4 Nf6 2.Nf3 e6 3.c4 Bb4+ 4.Nc3 b6 5.Bg5 h6 6.Bh4 g5 7.Bg3 Ne4 8.Qc2 Bb7
9.e3 Bxc3+ 10.bxc3 d6 11.Bd3 f5 12.c5 Nd7 13.Qb3 Qe7 14.Bxe4 Bxe4 15.cxd6 cxd6
16.Qa3 e5 17.dxe5 Bxf3 18.exd6 Qe6 19.gxf3 f4 20.Rd1 fxg3 21.hxg3 Nc5 22.Rd4 Rh7
23.O-O O-O-O 24.Rfd1 Rhd7 25.Qb4 Rxd6 26.a4 Rxd4 27.cxd4 Qb3 28.Qxb3 Nxb3
29.Rb1 Na5 30.f4 gxf4 31.gxf4 Kd7 32.Rb5 Nc6 33.d5 Ne7 34.a5 Kc7 35.e4 Rg8+
36.Kf1 Rg4 37.axb6+ axb6 38.e5 Nf5 39.Rb4 h5 40.Rc4+ Kd7 41.d6 Ke6 42.Ke2 h4
43.Kf3 Rg8 44.Ke4 h3 45.Rc1 h2 46.Rh1 Rh8 47.d7 Rd8 48.Rxh2 Rxd7 49.Rh8 Rd4+
50.Kf3 b5 51.Re8+ Kd5 52.Kg4 Nh6+ 53.Kg5 Nf7+ 54.Kf5 Nh6+  1/2-1/2

[Event "Gibraltar Open"]
[Site "Caleta ENG"]
[Date "2012.01.31"]
[Round "8.19"]
[White "Zhukova,N"]
[Black "Iturrizaga,E"]
[Result "0-1"]
[WhiteElo "2426"]
[BlackElo "2649"]

1.d4 Nf6 2.c4 e6 3.Nc3 Bb4 4.Nf3 c5 5.g3 Nc6 6.Bg2 Ne4 7.Bd2 Bxc3 8.bxc3 f5
9.O-O b6 10.Ne5 Nxe5 11.dxe5 Bb7 12.f3 Nxd2 13.Qxd2 Qc7 14.Rfd1 O-O-O 15.f4 Bxg2
16.Kxg2 Qc6+ 17.Kf2 d5 18.exd6 Rd7 19.Qe3 Rxd6 20.Rd3 Rxd3 21.exd3 Rd8 22.Rd1 Rd7
23.h4 g6 24.Qf3 Qa4 25.Rd2 Kd8 26.Qa8+ Kc7 27.Qf3 Rd6 28.Qe3 Kb7 29.Qe5 Qc6
30.Rd1 Ka6 31.Rd2 Rd7 32.Rd1 Rd8 33.Qf6 Rd6 34.Qe5 Rd7 35.Qf6 Qd6 36.Rd2 Ka5
37.Rd1 a6 38.Rd2 b5 39.cxb5 axb5 40.d4 cxd4 41.Qxd4 Qxd4+ 42.cxd4 b4 43.Rd3 Kb5
44.Re3 Ra7 45.Rxe6 Rxa2+ 46.Kf3 Ra3+ 47.Kg2 b3 48.Re8 Ra6  0-1

[Event "Moscow Open 2012 A"]
[Site "Moscow RUS"]
[Date "2012.01.31"]
[Round "4.63"]
[White "Barsamian,E"]
[Black "Kuindzhy,A"]
[Result "0-1"]
[WhiteElo "2261"]
[BlackElo "2407"]

1.d4 Nf6 2.c4 e6 3.Nc3 Bb4 4.Nf3 O-O 5.Qc2 c5 6.a3 Bxc3+ 7.Qxc3 cxd4 8.Nxd4 d5
9.e3 e5 10.Nf3 Re8 11.Nxe5 Ne4 12.Qd4 Qh4 13.g3 Qh5 14.f4 Nc6 15.Nxc6 Qf3
16.Nxa7 Qf2+  0-1